Analytická chemie II

Enregistré dans:
Détails bibliographiques
Auteur principal: Volka, Karel
Format: Livre
Langue:tchèque
Publié: Praha Vysoká škola chemicko-technologická 1995
Édition:1. vyd., 2. dotisk
Sujets:
Accès en ligne:Voir à l'OPAC
Tags: Ajouter un tag
Pas de tags, Soyez le premier à ajouter un tag!

MARC

LEADER 00000nam a2200000 a 4500
005 20260127134258.0
008 051109 1995 xr 000 0 cze d
020 |a 8070802278 
035 |a vtls008408636 
039 9 |y 200511091215  |z mschk03 
040 |a STUSCHK1  |b slo  |c STUSCHK1  |e AACR2 
080 |a 543(075.8) 
100 1 |a Volka, Karel 
245 1 |a Analytická chemie II  |c Volka, Karel a kol. 
250 |a 1. vyd., 2. dotisk 
260 |a Praha  |b Vysoká škola chemicko-technologická  |c 1995 
300 |a 236 s. 
650 0 |a analytická chemie  |y vysokoškolská učebnice 
910 |a SCHK95 
919 |a 80-7080-227-8 
999 |c 8632  |d 8632